Normal view
MARC view
- Greengard,S
Entry Personal Name
001 - CONTROL NUMBER
- control field: 119123
003 - CONTROL NUMBER IDENTIFIER
- control field: OSt
005 - DATE AND TIME OF LATEST TRANSACTION
- control field: 20230201194255.0
008 - FIXED-LENGTH DATA ELEMENTS
- fixed length control field: 230201|| aca||aabn | a|a d
040 ## - CATALOGING SOURCE
- Original cataloging agency: OSt
- Transcribing agency: OSt
100 ## - HEADING--PERSONAL NAME
- Personal name: Greengard,S
670 ## - SOURCE DATA FOUND
- Source citation: Work cat.: (OSt)97447: Greengard,S., Internet of Things, 2021